List of countries the US declared war on - Statistics

General Stats
  • This quiz has been taken 50 times
  • The average score is 10 of 11
Answer Stats
Hint Answer % Correct
WW1 Germany
100%
WW2 Germany
100%
WW2 Japan
100%
Mexican-American War Mexico
100%
Spanish-American War Spain
100%
War of 1812 UK
100%
WW2 Italy
96%
WW1 Austria-Hungary
94%
WW2 Romania
72%
WW2 Bulgaria
70%
WW2 Hungary
68%
No matching quizzes found
Score Distribution
Percent of People with Each Score
Percentile by Number Answered
Your Score History
You have not taken this quiz